सुमन संचयन : (Record no. 113113)

MARC details
000 -LEADER
fixed length control field 01160nam a22002657a 4500
005 - DATE AND TIME OF LATEST TRANSACTION
control field 20170124102948.0
010 ## - LIBRARY OF CONGRESS CONTROL NUMBER
LC control number A-810777
020 ## - INTERNATIONAL STANDARD BOOK NUMBER
Terms of availability 100.00
International Standard Book Number 8171450857
035 ## - SYSTEM CONTROL NUMBER
System control number A-810777
037 ## - SOURCE OF ACQUISITION
Source of stock number/acquisition Cen Lib/Ret
040 ## - CATALOGING SOURCE
Original cataloging agency DPL
Language of cataloging HN
082 ## - DEWEY DECIMAL CLASSIFICATION NUMBER
Classification number 821
Item number सुमन
100 ## - MAIN ENTRY--PERSONAL NAME
Personal name
9 (RLIN) 50687
245 ## - TITLE STATEMENT
Title सुमन संचयन :
Statement of responsibility, etc संपादक चेतनदुबे अनिल
Remainder of title शिवमंगल सिंह की 80 कवितायेँ /
246 ## - VARYING FORM OF TITLE
Title proper/short title suman sanchyan :shivmangalsingh ki 80 kavitayen
Remainder of title sampadak Chetan Dubey Anil
260 ## - PUBLICATION, DISTRIBUTION, ETC. (IMPRINT)
Place of publication, distribution, etc दिल्ली
Name of publisher, distributor, etc सन्मार्ग प्रकाशन
Date of publication, distribution, etc 1996
270 ## - ADDRESS
Address 16,यु.बी.बंगला रोड
City दिल्ली
Postal code 110007
300 ## - PHYSICAL DESCRIPTION
Extent 160पृष्ठ.
Dimensions 20सेमी (सजिल्द)
650 ## - SUBJECT ADDED ENTRY--TOPICAL TERM
Topical term or geographic name as entry element हिंदी साहित्य
9 (RLIN) 50688
650 ## - SUBJECT ADDED ENTRY--TOPICAL TERM
Topical term or geographic name as entry element छायावादी कविताएँ
9 (RLIN) 50689
650 ## - SUBJECT ADDED ENTRY--TOPICAL TERM
Topical term or geographic name as entry element hindi literature
9 (RLIN) 50690
650 ## - SUBJECT ADDED ENTRY--TOPICAL TERM
Topical term or geographic name as entry element Chhayawadi poetry
9 (RLIN) 45260
700 ## - ADDED ENTRY--PERSONAL NAME
9 (RLIN) 50544
Personal name अनिल, चेतन दुबे
942 ## - ADDED ENTRY ELEMENTS (KOHA)
Source of classification or shelving scheme Dewey Decimal Classification
Koha item type Hindi Books
Classification part 821
Call number suffix सुमन
Holdings
Withdrawn status Lost status Damaged status Not for loan Home library Current library Date acquired Source of acquisition Cost, normal purchase price Total Checkouts Full call number Barcode Date last seen Copy number Cost, replacement price Price effective from Koha item type
        Central Library Central Library 11/08/2015 Cen Lib/Ret 100.00   821 सुमन A-810777 11/08/2015 Cen Lib/Ret 100.00 11/08/2015 Hindi Books

© Delhi Public Library
Hit Counter
free hit counter